00403nam a2200121Ia 4500008004100000020002200041100002900063245007800092260004900170300002800219650001900247650001500266200907s9999 xx 000 0 und d a978-971-98-1103-9 aGo-Monilla, Ma. Joycelyn cMa. Joycelyn A. Go-Monilla, Normaliza C. RamirezaUnderstanding the self/ aQuezon City:bC and E Publishing, Inc.c2018 axiii, 250 pagesc22 cm. aHuman behavior aPsychology